000
00247 a2200097 4500
020
_a
9789386006417
100
_a
SHEBEER BASHEER
_9
119061
245
_a
TEXTBOOK OF ADVANCED NURSING PRATICE
250
_a
2ND
260
_b
EMMESS MEDICAL PUBLISHERS
_c
2022
999
_c
97429
_d
97429